000 00767nam a22002777a 4500
001 0014275
003 KOHA_MİRAKIL
005 20260207001949.0
007 ta
008 100813b2002 tu |||gr||||#0|||1|eng |
020 _a9750600800
040 _aTR-BiSEU
_btur
_cTR-BiSEU
_erda
041 0 _atur
044 _ctu
050 _aPE1128
_b.Y87 2002
100 1 _aYürekli, Aynur.
245 1 _aJoy of reading /
_cAynur Yürekli ; Aynur Yürekli, Meral M. Ünver.
264 1 _aEskişehir :
_bAnadolu Üniversitesi
_c2002
300 _a166 sayfa; 24 cm.
336 _ametin
_btxt
_2rdacontent
337 _aaracısız
_bn
_2rdamedia
338 _acilt
_bnc
_2rdacarrier
650 0 _aİngiliz dili--eğitim.
_933416
907 _aDil
942 _2lcc
_cBK
999 _c14238
_d14238